| 000 | | | 04290nac2a22002771x 450 |
| 001 | | | bf27b490-30f4-445a-9801-8015b62ea452 |
| 005 | | | 20131219034818.0 |
| 100 | ## | $a | 20130529l18921914k y0rusy50 ca |
| 101 | 0# | $a | rus |
| 102 | ## | $a | RU |
| 105 | ## | $a | y z |||e| |
| 122 | 2# | $a | d189202 |
| | $a | d19140503 |
| 200 | 1# | $a | Письма должностных лиц и благотворительных обществ к А. Ф. Кони об увековечивании памяти доктора Ф. П. Гааза |
| | $j | Февраль 1892 - 3 мая 1914 |
| 215 | ## | $a | 12 листов |
| 251 | ## | $c | Дело |
| 300 | ## | $a | Заголовок дела на папке: Письма должностных лиц и благотворительных обществ А. Ф. Кони по вопросу об увековечении памяти доктора Ф. П. Гааза |
| 300 | ## | $a | Часть текста рукописная, часть напечатана на машинке |
| 330 | ## | $a | Документальные материалы, отложившиеся в результате служебной и общественной деятельности А. Ф. Кони; Документальные материалы, отложившиеся в результате общественной деятельности А. Ф. Кони |
| 461 | #0 | $1 | 0013a54f2e3-e9cf-409b-80fa-f0a9bd3c40cb |
| | $1 | 2001 |
| | $a | Кони Анатолий Федорович, юрист, литератор, член академии наук, председатель Санкт-Петербургского окружного суда, член государственного совета |
| | $1 | 251 |
| | $c | Фонд |
| | $1 | 852 |
| | $j | 564 |
| 462 | #0 | $1 | 00178a475cd-a47d-4377-bff3-cee4b81de655 |
| | $1 | 2001 |
| | $a | Опись дел фонда А. Ф. Кони за 1880-1931 гг. |
| | $1 | 251 |
| | $c | Опись |
| | $1 | 852 |
| | $j | 1 |
| 517 | ## | $a | Письма должностных лиц и благотворительных обществ А. Ф. Кони по вопросу об увековечении памяти доктора Ф. П. Гааза |
| 600 | #1 | $a | Кони |
| | $b | А. Ф. |
| | $f | 1844-1927 |
| | $g | Анатолий Федорович |
| 600 | #1 | $a | Гааз |
| | $b | Ф. П. |
| | $f | 1780-1853 |
| | $g | Федор Петрович |
| 801 | #0 | $a | RU |
| | $b | GA_RF |
| 801 | #1 | $a | RU |
| | $b | НПО Опыт |
| | $c | 20130529 |
| | $2 | rusmarc |
| 801 | #2 | $a | RU |
| | $b | ПБ им. Б.Н. Ельцина |
| | $c | 20131219 |
| | $g | RCR |
| | $2 | rusmarc |
| 852 | ## | $a | ГА РФ |
| | $j | 754 |
| 937 | ## | $d | 42302626 |
| | $h | ПБ |
| 035 | ## | $a | RuPRLIB51002807 |